| 000 | 00721cab a2200241 4500 | ||
|---|---|---|---|
| 001 | WB3441-09 | ||
| 008 | 090401t1998 xxu||||| |||| 00| 0 eng d | ||
| 035 | _a(Sirsi) u89291 | ||
| 041 | _aeng | ||
| 245 | _aTelevillages | ||
| 260 | _c1998 | ||
| 350 | _a0 | ||
| 490 |
_aTimes _v24 October 1998, 2.25(2) |
||
| 520 | _aDiscusses the success of the Acorn televillage in Wales. The scheme consists of 39 houses that have been purpose built for people who want to run a business from home. | ||
| 650 | _aACORN TELEVILLAGE | ||
| 650 | _aHOME WORKING | ||
| 650 | _aTELECOTTAGES | ||
| 650 | _aTELEVILLAGES | ||
| 650 | _aTELEWORKING | ||
| 690 | _aPROPERTY-PROPERTY DEVELOPMENT | ||
| 942 | _n0 | ||
| 948 | _c27/10/1998 | ||
| 999 |
_c56471 _d56471 |
||